La cancion - Bad Bunny y J Balvin - Estadísticas

Estadísticas generales
  • Esta prueba ha sido intentada 831 veces
  • La puntuación promedio es 279 de 369
Estadísticas de respuestas
Respuesta % Correcto
la
97%
cancion
96%
que
96%
o
95%
pero
95%
pusieron
94%
te
94%
a
93%
lo
93%
no
93%
y
93%
bien
92%
las
91%
los
91%
habia
90%
pensaba
90%
bailamos
89%
borrachos
89%
cantamos
89%
de
89%
dos
88%
me
88%
nos
88%
olvidao
85%
ti
85%
besamos
84%
cuando
82%
en
82%
tu
82%
yo
82%
el
79%
mi
79%
con
77%
pa'
77%
hace
76%
tiempo
75%
como
72%
por
72%
es
71%
cabeza
70%
carro
70%
conte
70%
va
69%
acorde
68%
ya
68%
se
66%
ver
66%
casa
64%
creia
63%
motel
63%
par
63%
un
63%
venia
63%
besas
62%
cervezas
62%
mesa
62%
olvidar
62%
pai'
62%
sali
62%
iba
61%
justo
61%
mai'
61%
polvos
61%
encima
60%
playa
60%
todos
59%
hasta
58%
pone
58%
ayer
57%
olvidaria
57%
veces
57%
nunca
56%
supere
56%
Chanel
55%
coger
55%
cosa
55%
nuestro
55%
tres
55%
van
55%
via
55%
ingles
54%
bala
53%
brincando
53%
hacia
53%
sabia
53%
toda
52%
comerme
51%
contento
51%
feliz
51%
gustaba
51%
mojadita
51%
ni
51%
poner
51%
aprendi
50%
balada
50%
eres
50%
fantasia
50%
pendejo
50%
queria
50%
diez
49%
fui
49%
oscura
49%
cogi
48%
caro
47%
extranaba
47%
respire
47%
West
47%
barato
46%
hiciste
46%
salio
46%
Kanye
45%
acabo
44%
respiro
43%
esta
41%
rio
41%
llego
40%
mismo
40%
disparo
39%
ey
39%
porque
39%
bebe
38%
muerto
34%
bellaquera
33%
nombre
33%
sin
33%
solo
33%
calle
32%
despierto
32%
sone
31%
loca
30%
hoy
29%
corazon
28%
suelto
26%
desierto
22%
sentimientos
22%
tuiteo
15%
suando
11%
aqui
8%
olviado
2%
No se encontraron pruebas coincidentes
Distribución de puntuación
Porcentaje de gente con cada puntuación
Porcentaje por número respondido
Historial de tus puntuaciones
No has intentado esta prueba.